000 00781nam a2200193Ii 4500
003 JO-AjNU
008 230605s9999||||xx |||||||||||||| ||und||
040 _aJO-AjNU
_bara
_erda
_cJO-AjNU
041 _aara
050 1 4 _aZ3476.A28 2011
100 3 _aابولبن ،نوزت جمعة /م. مشارك لبيك الوكيلي ؛اشراف الشناق ، فاروق صيتان ,
_eauthor
_933650
245 0 0 _aببلوغرافيات القدس قائمة مختارة "مكتبات الاردن وفلسطين" ج1
264 3 1 _aعمان :الملكية لشؤون القدس ،2011
300 _aج1، 782ص
336 _atext
_btxt
_2rdacontent
337 _aunmediated
_bn
_2rdamedia
338 _avolume
_bnc
_2rdacarrier
650 4 _aالقدس- ببلوغرافيات
_933651
999 _aA13718
_c17286
_d17286